| 000 | 00722nam a2200241Ia 4500 | ||
|---|---|---|---|
| 003 | OSt | ||
| 005 | 20220925204128.0 | ||
| 006 | a|||||r|||| 00| 0 | ||
| 007 | ta | ||
| 008 | 220923b |||||||| |||| 00| 0 eng d | ||
| 037 | _cGeneral Book | ||
| 040 |
_aRTL _cRTL _beng |
||
| 041 |
_2eng _aeng |
||
| 082 | _aX:545.1(X)aN6, K6/UN | ||
| 110 |
_aInternational Trade Centre (GATT) _9267768 |
||
| 245 | 0 | _aSelect bibliography for export promotion services in developing countries | |
| 260 |
_aGeneva _bI T C _c1966 |
||
| 300 |
_av,37p _ccm. |
||
| 650 | _aExport | ||
| 700 |
_aInternational Trade Centre (GATT) _9267769 |
||
| 942 |
_hX:545.1(X)aN6, K6/UN _cGB _2CC |
||
| 999 |
_c548630 _d548630 |
||